<?xml version="1.0" encoding="UTF-8"?>
<collection xmlns="http://www.loc.gov/MARC21/slim">
 <record>
  <leader>07472nam a2200541 a 4500</leader>
  <controlfield tag="001">kal4426</controlfield>
  <controlfield tag="003">Gr-AtHEAL</controlfield>
  <controlfield tag="005">20160425152928.0</controlfield>
  <controlfield tag="006">m        d        </controlfield>
  <controlfield tag="008">160413s2015    gr      s           gre|c</controlfield>
  <datafield tag="020" ind1=" " ind2=" ">
   <subfield code="a">9789606033858</subfield>
  </datafield>
  <datafield tag="040" ind1=" " ind2=" ">
   <subfield code="a">GR-AtHEAL</subfield>
   <subfield code="b">gre</subfield>
   <subfield code="c">GR-AtHEAL</subfield>
  </datafield>
  <datafield tag="082" ind1="0" ind2="4">
   <subfield code="a">320</subfield>
   <subfield code="2">23</subfield>
  </datafield>
  <datafield tag="100" ind1="1" ind2=" ">
   <subfield code="a">Κουντούρη, Φανή.</subfield>
   <subfield code="8">1062</subfield>
  </datafield>
  <datafield tag="245" ind1="1" ind2="3">
   <subfield code="a">Τα δημόσια προβλήματα στην πολιτική ατζέντα</subfield>
   <subfield code="h">[Ηλεκτρονικός πόρος] </subfield>
   <subfield code="b">Θεωρητικές και εμπειρικές προσεγγίσεις</subfield>
   <subfield code="c">Κουντούρη, Φανή ; Κριτικός αναγνώστης,Αφουξενίδης, Αλέξανδρος ; Γλωσσική επιμέλεια,Ανανιάδης, Δημήτρης.</subfield>
  </datafield>
  <datafield tag="260" ind1=" " ind2=" ">
   <subfield code="a">Αθήνα :</subfield>
   <subfield code="b">Σύνδεσμος Ελληνικών Ακαδημαϊκών Βιβλιοθηκών,</subfield>
   <subfield code="c">c2015.</subfield>
  </datafield>
  <datafield tag="490" ind1=" " ind2=" ">
   <subfield code="a">Ακαδημαϊκά Ηλεκτρονικά Συγγράμματα και Βοηθήματα Κάλλιπος</subfield>
   <subfield code="8">40</subfield>
  </datafield>
  <datafield tag="505" ind1=" " ind2=" ">
   <subfield code="a">0. Τα δημόσια προβλήματα στην πολιτική ατζέντα. 1. Η συγκρότηση των δημόσιων προβλημάτων 2. Η διαμόρφωση της θεματολογίας 3. Η διαμόρφωση των ερμηνευτικών πλαισiώσεων 4. ΜΜΕ και Δημόσια Προβλήματα. Καταστολείς ή διεγέρτες; 5. Πολιτικοί Δρώντες και Δημόσια Προβλήματα 6. Οι συλλογικοί εισηγητές των δημόσιων προβλημάτων 7. Ανάλυση των πολιτικών για την έμφυλη βία στην Ελλάδα και την Ε.Ε (1995-2007) 8. Έκτακτα Γεγονότα και Προβληματικά πεδία 9. Η κρίση του δημοσιονομικού χρέους ως δημόσιο πρόβλημα</subfield>
  </datafield>
  <datafield tag="520" ind1=" " ind2=" ">
   <subfield code="a">Το βιβλίο αυτό απευθύνεται σε προπτυχιακούς και μεταπτυχιακούς φοιτητές που διδάσκονται θέματα που άπτονται της γένεσης των δημόσιων προβλημάτων και της συγκρότησης της πολιτικής ατζέντας. Στόχος του βιβλίου είναι η κατανόηση των διαδικασιών ανάδειξης των δημόσιων προβλημάτων μέσα από τη συνάρθρωση διαφορετικών ερευνητικών παραδόσεων που εγγράφονται στα αντικείμενα των δημόσιων πολιτικών, της κοινωνιολογίας των ΜΜΕ, της πολιτικής κοινωνιολογίας των ομάδων συμφερόντων και των κοινωνικών κινημάτων. Το βιβλίο διερευνά πιο ειδικά τις διαδικασίες μέσα από τις οποίες ορισμένα μόνο από τα γεγονότα ή τα θέματα που ανακύπτουν στο δημόσιο χώρο συγκροτούνται σε προβλήματα, δημοσιοποιούνται από τα ΜΜΕ και αξιολογούνται από ειδικούς, αποτελούν μέρος του πολιτικού ανταγωνισμού και τελικά γίνονται αντικείμενο πολιτικών αποφάσεων και επεξεργασίας δημόσιων πολιτικών. Στο πλαίσιο αυτό εξετάζονται ζητήματα που σχετίζονται με τους φορείς που εμπλέκονται στη διαπραγμάτευση των δημόσιων προβλημάτων (δημόσιοι φορείς, κοινωνικά κινήματα, ΜΜΕ), τους τρόπους που χρησιμοποιούν για να εννοιολογήσουν ή να «πλαισιώσουν» τα προβλήματα, τις ρητορικές και τα σχήματα αιτιολόγησης που χρησιμοποιούν για να αναδείξουν όψεις των προβλημάτων αυτών αλλά και τις πολιτικές λύσεις που τελικά επιλέγονται. Παράλληλα εξετάζονται ορισμένα παραδείγματα διαδικασιών συγκρότησης και εξέλιξης δημόσιων προβλημάτων από τον ελληνικό χώρο όπως η μετανάστευση, οι πυρκαγιές, διατροφικά σκάνδαλα κ.α.</subfield>
  </datafield>
  <datafield tag="650" ind1=" " ind2="0">
   <subfield code="a">Social problems</subfield>
   <subfield code="8">2441</subfield>
  </datafield>
  <datafield tag="653" ind1=" " ind2=" ">
   <subfield code="a">Ανάλυση πλαισίων</subfield>
  </datafield>
  <datafield tag="653" ind1=" " ind2=" ">
   <subfield code="a">Συμβολική διάδραση</subfield>
  </datafield>
  <datafield tag="653" ind1=" " ind2=" ">
   <subfield code="a">Κρίσεις</subfield>
  </datafield>
  <datafield tag="653" ind1=" " ind2=" ">
   <subfield code="a">Πολιτικοί και συλλογικοί δρώντες</subfield>
  </datafield>
  <datafield tag="653" ind1=" " ind2=" ">
   <subfield code="a">ΜΜΕ</subfield>
  </datafield>
  <datafield tag="653" ind1=" " ind2=" ">
   <subfield code="a">Συγκρούσεις</subfield>
  </datafield>
  <datafield tag="653" ind1=" " ind2=" ">
   <subfield code="a">Πολιτκή ατζέντα</subfield>
  </datafield>
  <datafield tag="653" ind1=" " ind2=" ">
   <subfield code="a">Δημόσια προβλήματα</subfield>
  </datafield>
  <datafield tag="653" ind1=" " ind2=" ">
   <subfield code="a">Κοινωνιολογία</subfield>
   <subfield code="a">Μαζικά φαινόμενα</subfield>
  </datafield>
  <datafield tag="653" ind1=" " ind2=" ">
   <subfield code="a">Κοινωνιολογία</subfield>
   <subfield code="a">Αλληλεπιδράσεις ομάδων</subfield>
  </datafield>
  <datafield tag="653" ind1=" " ind2=" ">
   <subfield code="a">Κοινωνιολογία</subfield>
   <subfield code="a">Κοινωνιολογία: Ιστορία και θεωρία</subfield>
  </datafield>
  <datafield tag="653" ind1=" " ind2=" ">
   <subfield code="a">Κοινωνιολογία</subfield>
   <subfield code="a">Μεθοδολογία και τεχνολογία έρευνας</subfield>
  </datafield>
  <datafield tag="653" ind1=" " ind2=" ">
   <subfield code="a">Πολιτικές επιστήμες</subfield>
   <subfield code="a">Πολιτικές εξελίξεις και διαδικασίες</subfield>
   <subfield code="a">Πολιτική σύγκρουση</subfield>
  </datafield>
  <datafield tag="653" ind1=" " ind2=" ">
   <subfield code="a">Πολιτικές επιστήμες</subfield>
   <subfield code="a">Διαμόρφωση πολιτικής άποψης, ανάπτυξη πολιτικού προσανατολισμού</subfield>
   <subfield code="a">Πολιτική επικοινωνία</subfield>
  </datafield>
  <datafield tag="653" ind1=" " ind2=" ">
   <subfield code="a">Πολιτικές επιστήμες</subfield>
   <subfield code="a">Συστήματα διακυβέρνησης, δομές εξουσίας</subfield>
   <subfield code="a">Πολιτική</subfield>
   <subfield code="a">Επικοινωνιακή πολιτική</subfield>
  </datafield>
  <datafield tag="653" ind1=" " ind2=" ">
   <subfield code="a">Πολιτικές επιστήμες</subfield>
   <subfield code="a">Πολιτικά μέσα, πολιτικά όργανα</subfield>
  </datafield>
  <datafield tag="653" ind1=" " ind2=" ">
   <subfield code="a">Πολιτικές επιστήμες</subfield>
   <subfield code="a">Πολιτικές εξελίξεις και διαδικασίες</subfield>
  </datafield>
  <datafield tag="653" ind1=" " ind2=" ">
   <subfield code="a">Πολιτικές επιστήμες</subfield>
   <subfield code="a">Διαμόρφωση πολιτικής άποψης, ανάπτυξη πολιτικού προσανατολισμού</subfield>
  </datafield>
  <datafield tag="653" ind1=" " ind2=" ">
   <subfield code="a">Πολιτικές επιστήμες</subfield>
   <subfield code="a">Πολιτικές οργανώσεις, ομάδες συμφερόντων</subfield>
  </datafield>
  <datafield tag="653" ind1=" " ind2=" ">
   <subfield code="a">Πολιτικές επιστήμες</subfield>
   <subfield code="a">Ιεραρχίες, κράτος, κατανομή της εξουσίας</subfield>
  </datafield>
  <datafield tag="653" ind1=" " ind2=" ">
   <subfield code="a">Πολιτικές επιστήμες</subfield>
   <subfield code="a">Συστήματα διακυβέρνησης, δομές εξουσίας</subfield>
  </datafield>
  <datafield tag="653" ind1=" " ind2=" ">
   <subfield code="a">Κοινωνιολογία</subfield>
   <subfield code="a">Πολιτική κοινωνιολογία/αλληλεπιδράσεις</subfield>
  </datafield>
  <datafield tag="700" ind1="1" ind2=" ">
   <subfield code="a">Αφουξενίδης, Αλέξανδρος</subfield>
   <subfield code="e">Κριτικός αναγνώστης</subfield>
   <subfield code="8">1063</subfield>
  </datafield>
  <datafield tag="856" ind1="4" ind2="0">
   <subfield code="u">http://hdl.handle.net/11419/4426</subfield>
   <subfield code="z">Πλήρες Κείμενο - Full text</subfield>
  </datafield>
  <datafield tag="907" ind1=" " ind2=" ">
   <subfield code="a">.b25681217</subfield>
   <subfield code="b">12-06-18</subfield>
   <subfield code="c">29-07-16</subfield>
  </datafield>
  <datafield tag="949" ind1=" " ind2=" ">
   <subfield code="0">0</subfield>
   <subfield code="1">0</subfield>
   <subfield code="2">ddc</subfield>
   <subfield code="4">0</subfield>
   <subfield code="6">320_000000000000000_ΚΟΥ</subfield>
   <subfield code="7">0</subfield>
   <subfield code="8">KALL</subfield>
   <subfield code="8">880</subfield>
   <subfield code="d">2016-04-13</subfield>
   <subfield code="r">2016-04-13</subfield>
   <subfield code="w">2016-04-13</subfield>
   <subfield code="z">320 ΚΟΥ</subfield>
   <subfield code="o">SEAB KALLIPOS</subfield>
  </datafield>
  <datafield tag="998" ind1=" " ind2=" ">
   <subfield code="a">80</subfield>
   <subfield code="a">01</subfield>
   <subfield code="a">02</subfield>
   <subfield code="a">03</subfield>
   <subfield code="a">04</subfield>
   <subfield code="a">05</subfield>
   <subfield code="a">06</subfield>
   <subfield code="a">07</subfield>
   <subfield code="a">08</subfield>
   <subfield code="a">09</subfield>
   <subfield code="a">10</subfield>
   <subfield code="a">11</subfield>
   <subfield code="a">12</subfield>
   <subfield code="a">13</subfield>
   <subfield code="a">14</subfield>
   <subfield code="a">15</subfield>
   <subfield code="a">16</subfield>
   <subfield code="a">17</subfield>
   <subfield code="a">18</subfield>
   <subfield code="a">19</subfield>
   <subfield code="a">20</subfield>
   <subfield code="a">21</subfield>
   <subfield code="a">22</subfield>
   <subfield code="a">23</subfield>
   <subfield code="a">24</subfield>
   <subfield code="a">25</subfield>
   <subfield code="a">26</subfield>
   <subfield code="b">25-05-17</subfield>
   <subfield code="c">m</subfield>
   <subfield code="d">z  </subfield>
   <subfield code="e">-</subfield>
   <subfield code="f">gre</subfield>
   <subfield code="g">gr </subfield>
   <subfield code="h">3</subfield>
  </datafield>
  <datafield tag="942" ind1=" " ind2=" ">
   <subfield code="2">ddc</subfield>
   <subfield code="c">KALLIPOS</subfield>
  </datafield>
 </record>
</collection>
